| 000 | 00868cab a2200301 4500 | ||
|---|---|---|---|
| 001 | ABS56386 | ||
| 008 | 090401t1996 xxu||||| |||| 00| 0 eng d | ||
| 035 | _a(Sirsi) u23254 | ||
| 041 | _aeng | ||
| 245 | _aDenmark | ||
| 260 | _c1996 | ||
| 350 | _a0 | ||
| 490 |
_aEuroProperty _v5(3) October 1996, 21-27(7) |
||
| 520 | _aOverview of the commercial property market in Denmark. | ||
| 650 | _aPROPERTY-COMMERCIAL PROPERTY | ||
| 650 | _aCOPENHAGEN | ||
| 650 | _aDENMARK | ||
| 650 | _aINVESTMENT MARKET | ||
| 650 | _aMORTGAGE BANKS | ||
| 650 | _aPROPERTY-COMMERCIAL PROPERTY-OFFICE PROPERTY-OFFICE PROPERTY MARKET | ||
| 650 | _aOFFICE RENTS | ||
| 650 | _aPROPERTY MARKET | ||
| 650 | _aPROPERTY-COMMERCIAL PROPERTY-RETAIL PROPERTY-RETAIL PROPERTY MARKET | ||
| 650 | _aRETAIL RENTS | ||
| 690 | _aOVERSEAS-EUROPE | ||
| 942 | _n0 | ||
| 948 | _c04/03/1997 | ||
| 999 |
_c15558 _d15558 |
||